00518nam a2200157 i 450000100060000000300090000600500170001500700030003200800410003510000410007624501210011726000480023830000220028670000210030885200310032944258ES-MaACL20230906161004.0t|030321s1951 sp ||||1| spa d1 aCiurana Fernández, José María.13aLa justicia social vista por un católico / cpor José María Ciurana Fernández ; prólogo de Ramón Roguer. aBarcelona : bSalvador Rosas Bayer, c1951. a309 p. ; c20 cm.1 aRoguer, Ramón. aES-MaACLjD-5886 bR.31300